| 000 | 00596nam a22002057a 4500 | ||
|---|---|---|---|
| 005 | 20251108175508.0 | ||
| 008 | 250721s2015 xx 000 0 ara d | ||
| 082 | 1 | 4 | _aط/372.3/روس |
| 100 | 1 | _aأبو الروس، أيمن | |
| 245 | 1 | 0 | _aالهواء و أسراره / |
| 264 | 1 |
_aالقاهرة : _bمكتبة ابن سينا، _c2015. |
|
| 300 | _a48ص. | ||
| 490 | 0 | _aامرح مع الهواء | |
| 650 | 1 | 7 | _aالتعلم |
| 650 | 1 | 7 | _aالعلوم |
| 650 | 1 | 7 | _aالهواء |
| 653 | _aمرحلة ناشؤون صغار (10-14)سنة | ||
| 942 |
_2ddc _cBK |
||
| 999 |
_c135493 _d135493 |
||